000 00682nam a2200241 i 4500
001 bg
100 1 _aSWAN, Michael.
245 0 0 _aThe new Cambridge English course.
_n2,
_pPractice /
_cMichael Swan, Catherine Walter.
250 _a[10th print. 1st publ.].
260 _aCambridge :
_bCambridge Univ. Press,
_c1995.
300 _a119 s. :
_bfot., rys. ;
_c30 cm.
500 _a10 dodr. do wyd.1 z 1990.
650 9 _aJęzyk angielski
655 _aPodręczniki
700 1 _aWALTER, Catherine.
020 _a0521376505
040 _cBPK
041 0 _aen
080 _a811.111(07)
920 _a0-521-37650-5
942 _cKS
008 s pl f |000 0 pol
999 _c10343
_d10343
856 _uhttp://koha.tu.koszalin.pl/cgi-bin/koha/opac-detail.pl?biblionumber=10343
_yKatalog online BPK